La cadena de valor de la innovación (Registro nro. 10798)
[ vista simple ]
| 000 -LEADER | |
|---|---|
| fixed length control field | 00379 a2200121 4500 |
| 001 - CONTROL NUMBER | |
| control field | ART_10184 |
| 005 - DATE AND TIME OF LATEST TRANSACTION | |
| control field | 20260410161613.0 |
| 008 - FIXED-LENGTH DATA ELEMENTS--GENERAL INFORMATION | |
| fixed length control field | 260409a |
| 100 1# - MAIN ENTRY--PERSONAL NAME | |
| Personal name | Hansen, Morten T. |
| 245 10 - TITLE STATEMENT | |
| Title | La cadena de valor de la innovación |
| 700 1# - ADDED ENTRY--PERSONAL NAME | |
| Personal name | Birkinshaw, Julian |
| 773 0# - HOST ITEM ENTRY | |
| Title | Harvard Business Review |
| Related parts | Llueven sobre usted - Vol. 85, Nº 6 (jun. 2007) |
| Record control number | REV340 |
No hay ítems disponibles.